Every Flood Escape 2 Map Quiz - Statistics

General Stats
  • This quiz has been taken 9 times
  • The average score is 56 of 215
Answer Stats
Answer cm Star rating % Correct
Axiom 1.3
83%
Dark Sci-Facility 4.8
83%
Marred Dreams 1.9
83%
Poisonous Chasm 5.2
83%
Sinking Ship 4.6
83%
Active Volcanic Mines 5.9
67%
Castle Tides 1.1
67%
CASTLE TIDES!!! cm 5.0
67%
Desert Ruins cm 6.7
67%
Fallen 4.5
67%
Fallen (Classic) 3.4
67%
Lost Woods 1.4
67%
Poisonous Valley 1.6
67%
Rustic Jungle 6.3
67%
Toxic Woods 3.6
67%
Abandoned Junkyard cm 6.7
50%
Antiquated Railways 1.2
50%
Baseplate cm 6.9
50%
Beneath the Ruins 4.7
50%
Blue Moon 5.4
50%
Calamity Kingdom 5.7
50%
Cave System 2.3
50%
Central Mass Array cm 6.6
50%
Closing Hours cm 1.2
50%
Crawling Caverns cm 1.8
50%
Decaying Silo 5.7
50%
Familiar Ruins 4.1
50%
Forsaken Era 1.7
50%
Gloomy Manor 4.2
50%
Grumbling Mineshafts cm 6.6
50%
Heights Island cm 2.9
50%
Lost Desert 4.4
50%
Luminance 6.6
50%
Magmatic Mines 4.5
50%
Minds of Misery cm 6.1
50%
Moonlight Forest cm 1.2
50%
Nightmare Castle cm 5.6
50%
Northern Mill 2.2
50%
Northern Workshop 2.2
50%
Oriental Grove 2.2
50%
Outlier of a Coppice Carcass cm 1.2
50%
Poisonous Forest 3.8
50%
Retro Coast 1.5
50%
Sandbox Scamper cm 2.1
50%
Snowy Stronghold 5.3
50%
Sunlit Villas cm 1.1
50%
Abandoned Cemetery cm 2.4
33%
Abandoned Facility 4.4
33%
Abandoned Harbour cm 6.3
33%
Bathroom Leak cm 1.3
33%
Beep Block Station cm 4.9
33%
Blooming Lagoon cm 2.8
33%
Buried Oasis 1.5
33%
Cadavar Creek cm 1.9
33%
Casino of Envy cm 5.6
33%
Chaoz Japan cm 5.6
33%
Concrete Jungle cm 5.7
33%
Cursed Jungle cm 2.5
33%
Cyberpunk District 5.8
33%
Deserted District cm 5.1
33%
Despotic Ruins 3.4
33%
Eerie Spires cm 4.6
33%
End of the Line cm 5.6
33%
Eye of the Storm cm 5.8
33%
Fabric Thrill cm 6.0
33%
Flood Game cm 3.0
33%
Forgotten Tombs 2.7
33%
Forlorn Christmas 3.9
33%
Graveyard Cliffside 3.1
33%
Hallowed Vestige cm 4.9
33%
Harvest Falls cm 2.6
33%
Icy Spires cm 1.3
33%
Ignis Peaks 5.5
33%
Jungle Exploration cm 3.6
33%
Lava Tower 3.3
33%
Lilac Valley cm 4.4
33%
Liminal Fruticore cm 5.2
33%
Mars Station cm 5.5
33%
Mirage Saloon cm 5.7
33%
Onama Views cm 3.3
33%
Pitfall Temple cm 5.2
33%
Polar Industry 1.8
33%
Relic Valley 3.9
33%
Runic Maze cm 4.8
33%
Sakura Falls cm 1.3
33%
Sandswept Ruins 5.6
33%
Satomi Springs 4.7
33%
Sinister Labyrinth cm 4.9
33%
Sky Sanctuary 2.8
33%
Snowscape Odyssey cm 1.4
33%
Soulstorm Horizon cm 6.5
33%
Starry Fields 4.3
33%
Starstruck Palace cm 4.8
33%
Steampunk Clockworks cm 3.8
33%
Submerging Coastland cm 5.1
33%
Sub-Zerosphere cm 6.1
33%
Sulphuric Depths cm 4.5
33%
Sunken Citadel 3.5
33%
Thunderous Shoreline cm 1.5
33%
Twilight Park cm 5.3
33%
Underworld Castle cm 5.4
33%
Venomous Vistas cm 6.5
33%
Wasteland Junction cm 4.7
33%
Whirlwind Wasteland cm 6.2
33%
Wild Savanna 3.2
33%
Wild Skatepark cm 2.6
33%
Wildwood Waterways cm 6.1
33%
Windswept Valley cm 3.6
33%
Zemblanity 1.3
33%
Abyssal Remnants cm 5.5
17%
Abyssal Tempest cm 2.7
17%
Artic Grotto cm 3.3
17%
Boreal Isle cm 3.9
17%
Classic Canyon 2.4
17%
Clogged Toilet 🚽👍 cm 6.5
17%
Cloudy Skylands cm 1.8
17%
Club Quarry cm 3.7
17%
Colouring Book cm 2.8
17%
Cryptic Cascade cm 4.5
17%
Crystal Caverns 3.3
17%
Dark Sci-Forest 3.7
17%
Decrepit Seas 2.3
17%
Distorted Ignis Dimension cm 6.3
17%
Dormant Vale cm 1.7
17%
Ducky Hills cm 2.7
17%
Eerie Peaks 1.4
17%
Electric Heights cm 1.5
17%
Factory Center cm 1.6
17%
Firewatch cm 5.4
17%
Flooded Studio cm 1.2
17%
Footlight Lane cm 1.7
17%
Frostbite Coastline cm 2.6
17%
Frozen Settlement cm 4.8
17%
Gallery of Wonders cm 1.4
17%
Golden Passage cm 1.3
17%
Haunted Chapel cm 6.2
17%
Kozui Peak cm 4.4
17%
Lost City of Gold cm 6.4
17%
Marigold Meadows cm 3.7
17%
Nuclear Blizzard cm 6.6
17%
Oil Outpost cm 3.5
17%
Pursuit cm 5.1
17%
Sandstorm Dunes cm 1.4
17%
Sapphire Falls cm 3.6
17%
Shroomhaven Temple cm 4.6
17%
Skywork Falls cm 4.6
17%
Spider Dungeon cm 5.3
17%
Star Manor cm 3.6
17%
Steam Palaces cm 4.7
17%
Strawberry Springs cm 3.4
17%
Sulphureous Sea cm 2.8
17%
Sunset Fairway cm 2.5
17%
The Fury of Boreas cm 3.9
17%
The Malfunction of Time cm 5.8
17%
Toybox Troble cm 3.4
17%
Trenched Sonar Station cm 3.3
17%
Underworld Grove cm 4.7
17%
Unyielding Dusk cm 2.8
17%
Wintertide Haven cm 1.5
17%
Year of the Flood cm 2.5
17%
Amphibious Billow cm 4.7
0%
Aquatic Reservoir cm 2.6
0%
Archipelago cm 1.6
0%
Autumn Firelds cm 3.4
0%
Cascade Rift cm 3.8
0%
Construction Thill 2.7
0%
Deserted Frontier cm 2.8
0%
Desolate Domain cm 5.2
0%
Dreamscape Skylines cm 4.3
0%
Duskland Enigma cm 5.5
0%
Envisioned Order cm 4.8
0%
Fall Equinox 2.4
0%
Flood Island 2.5
0%
Forest Facility cm 5.8
0%
Forsaken Foundry cm 6.4
0%
Gallery of Illusion cm 2.7
0%
Glacial Warfare cm 4.4
0%
Hanami Highlands cm 3.6
0%
Hovering Enclaves cm 2.7
0%
Infiltration 2.5
0%
Insular Solstice cm 4.4
0%
Interstice Mindscape cm 3.9
0%
Irraditing Alpines cm 4.6
0%
Lighthouse cm 5.2
0%
Luminous Reservior cm 3.6
0%
Maltaris Valley cm 2.7
0%
Mayan Remnants cm 2.3
0%
Mossy Shrine cm 4.8
0%
Mysterium 2.6
0%
Mystical Moonsprings cm 2.3
0%
Mystic Fortress cm 1.4
0%
Nimble Valley cm 2.7
0%
Oceanic Odyssey cm 3.5
0%
Orbitial Overlook cm 3.8
0%
Pascha Equinox cm 1.6
0%
Sanguineous Luna cm 4.1
0%
Sedimentary Temple 3.4
0%
Shimmering Delta cm 1.8
0%
Skywork Armada cm 3.3
0%
Smoldering Fractured Realm cm 5.4
0%
Snowswept Gulley cm 2.2
0%
Snowy Peaks 3.2
0%
Spectral Hideaway cm 5.3
0%
Spectral Mausoleum cm 2.7
0%
Splendid China Wall cm 6.5
0%
Spring Valley cm 3.4
0%
Sugary Springs cm 3.7
0%
Summit cm 4.8
0%
Surreal Scene cm 3.8
0%
The Judgement of Hephaestus cm 4.7
0%
Thieve's Refuge cm 3.8
0%
Twilight Athenaeum cm 4.5
0%
Undersea Facility cm 5.4
0%
Virulent Junkyard cm 5.6
0%
Whispering Nocturnal cm 1.6
0%
No matching quizzes found
Score Distribution
Percent of People with Each Score
Percentile by Number Answered
Your Score History
You have not taken this quiz